00365nam a2200121Ia 4500008004100000082002100041100002200062245004100084260003000125365000600155630004100161730004100202100415s9999 xx 000 0 und d b13965a634.9(54) aGujarat Govt. of aForestry-in service of the community aVADODARAc0bFOREST DEPT. b0 aForestry-in service of the community aForestry-in service of the community